Football : compositions finale de ligue des champions 2025 - Statistiques

Statistiques générales
  • Ce quiz a été pris 115 fois
  • Le résultat moyen est 24 sur 34
Statistiques - réponses
Club Statut Joueur % Correct
PSG Titulaire Gianluigi Donnarumma
100%
PSG Titulaire Ousmane Dembélé
100%
PSG Titulaire Désiré Doué
99%
PSG Titulaire Nuno Mendes
99%
PSG Titulaire Vitinha
99%
PSG Titulaire Marquinhos
98%
PSG Titulaire Fabian Ruiz
97%
PSG Titulaire Achraf Hakimi
95%
PSG Titulaire Joao Neves
95%
PSG Titulaire Willian Pacho
95%
PSG Entraîneur Luis Enrique
91%
PSG Entré Bradley Barcola
89%
PSG Entré Senny Mayulu
89%
Inter Titulaire Marcus Thuram
83%
Inter Titulaire Yann Sommer
83%
Inter Titulaire Lautaro Martinez
80%
PSG Titulaire Khvicha Kvaratskhelia
77%
Inter Titulaire Denzel Dumfries
74%
PSG Entré Gonçalo Ramos
71%
Inter Titulaire Nicolo Barella
71%
Inter Titulaire Federico Di Marco
70%
PSG Entré Lucas Hernandez
70%
PSG Entré Warren Zaïre-Emery
67%
Inter Titulaire Alessandro Bastoni
66%
Inter Titulaire Francesco Acerbi
66%
Inter Entraîneur Simone Inzaghi
60%
Inter Titulaire Benjamin Pavard
59%
Inter Titulaire Hakan Çalhanoğlu
51%
Inter Titulaire Henrikh Mkhitaryan
30%
Inter Entré Matteo Darmian
29%
Inter Entré Yann Bisseck
23%
Inter Entré Carlos Augusto
17%
Inter Entré Kristjan Asllani
11%
Inter Entré Nicola Zalewski
11%
Aucun quiz correspondant
Distribution des résultats
% des personnes avec chaque résultat
Percentile par nombre de réponses
Votre historique - résultats
Vous n’avez pas pris ce quiz